000 00663nam a22002057a 4500
005 20251108173326.0
008 250721s2000 xx 000 0 ara d
082 1 4 _aط/219.3/صال
100 1 _aصالح، محمد عبد الله
245 1 0 _aسودة بنت زمعة : صاحبة الهجرتين /
264 1 _aالقاهرة :
_bشركة الفرسان 2000،
_c[ 2000 ].
300 _a16 ص .
490 0 _aأمهات المؤمنين2
_v2
650 1 7 _aالسيرة النبوية
650 1 7 _aزوجات النبي
650 1 7 _aآل البيت
653 _aصغار ناشئون ( 10-14 سنة )
942 _2ddc
_cBK
999 _c101287
_d101287